00363nam a2200109Ia 450000500170000000800410001710000210005824501320007926000180021130000110022965000130024020260328104343.0260328s9999||||xx |||||||||||||| ||und|| aBrand, Willemien 0aVisual Doing :b A Practical Guide to Incorporate Visual Thinking into Your Daily Business and Communication /cWillemien Brand bLaurence King a144 p. aREVISTAS